'Summer Nights' Type-A-Long Quiz Stats

Quiz Updated Jun 8, 2015

Challenge
Share
Tweet
Embed
Score 0/269 Timer 10:00
5 Plays Today
% Correct
uh-oh
100%
Well,
100%
oh
100%
Uh
100%
huh.
100%
Uh
100%
Well-a (x3)
100%
Uh-huh (x 4)
100%
uh-oh
100%
Well-a (x3)
100%
huh.
100%
Uh-huh (x 4)
100%
uh-oh
100%
Whoa (x3)
100%
Shoo-bop bop (x6)
100%
Yeah!
100%
Whoo!
100%
uh-oh
100%
Whoa (x3)
100%
Well,
99.9%
Summer
97.2%
Summer
97.2%
Summer
97.2%
summer
97.2%
Summer
97.2%
summer
97.2%
Summer
97.2%
summer
97.2%
Summer
97.2%
summer
97.2%
Summer
97.2%
summer
97.2%
a
96.9%
a
96.9%
a
96.9%
a
96.9%
a
96.9%
a
96.9%
a
96.9%
a
96.9%
a
96.9%
me
96.1%
me.
96.1%
me
96.1%
me
96.1%
me,
96.1%
me,
96.1%
me
96.1%
me
96.1%
me
96.1%
me
96.1%
me
96.1%
me
96.1%
me
96.1%
me
96.1%
I
94.3%
I
94.3%
I
94.3%
I
94.3%
nights.
92.6%
nights.
92.6%
nights.
92.6%
nights.
92.6%
nights.
92.6%
so
92.3%
So,
92.3%
he
92.1%
He
92.1%
He
92.1%
he
92.1%
He
92.1%
He
92.1%
he
92.1%
be.
92.1%
be
92.1%
Tell
91.6%
Tell
91.6%
Tell
91.6%
Tell
91.6%
Tell
91.6%
Tell
91.6%
Tell
91.6%
Tell
91.6%
Tell
91.6%
lovin'
91.4%
lovin'
91.4%
more (x2)
91.4%
more (x2)
91.4%
more (x2)
91.4%
more (x2)
91.4%
% Correct
more (x2)
91.4%
more (x2)
91.4%
more (x2)
91.4%
more (x2)
91.4%
more! (2x)
91.4%
She
89.9%
she
89.9%
she
89.9%
she
89.9%
she
89.9%
she
89.9%
she
89.9%
girl
89.3%
girl
89.3%
fast.
89.3%
as
89.1%
boy,
88.9%
boy
88.9%
blast.
88.6%
had
88.4%
met
88.3%
Met
88.3%
can
88.1%
Did
88.1%
Did
88.1%
did
88.1%
happened
87.4%
the
87.4%
the
87.4%
the
87.4%
the
87.4%
for
87.1%
you
87%
you
87%
you
87%
We
86.2%
We
86.2%
We
86.2%
we
86.2%
cute
86.1%
have
85.3%
car?
85.1%
crazy
83.9%
those
83.9%
those
83.9%
those
83.9%
those
83.9%
those
83.9%
days
83.8%
Like
82.4%
like
82.4%
get
81.8%
get
81.8%
does
81.7%
to
81.6%
love
80%
love
80%
it
79%
It
79%
it
79%
Was
79%
was
79%
was
79%
away,
78.5%
far?
77.4%
at
77.2%
at
77.2%
very
76.7%
her
75.9%
her
75.9%
her,
75.9%
in
75.1%
in
75.1%
driftin'
74.6%
but
74.5%
but
74.5%
But
74.5%
but
74.5%
but
74.5%
got
73.1%
got
73.1%
gotta
73.1%
got
73.1%
got
73.1%
what
72.9%
what
72.9%
up
72.1%
friend?
72%
made
68.9%
made
68.9%
% Correct
put
68.6%
out
68.2%
out
68.2%
sand.
68.1%
fight?
68.1%
my
68.1%
my
68.1%
first
67.8%
sight?
67.3%
mean
66.2%
mean.
66.2%
down
65.9%
know
64.1%
and
64.1%
around.
63.8%
told
63.5%
splashing
62.7%
under
62.5%
by
62.2%
by
62.2%
where
62%
dreams
62%
still
61.5%
friends.
61.4%
hand.
61.1%
That's
60%
ends.
59.9%
Could
59.3%
we'd
59%
now?
58.7%
our
58.7%
went
58.7%
showed
58.2%
true
58%
ten
57.7%
stayed
57.5%
drowned.
57.5%
nearly
57.3%
till
57.1%
seams,
57%
o'clock.
56.9%
ripped
56.9%
dock.
56.9%
she's
56.9%
Wonder
56.8%
doing
56.8%
Then
56.7%
good,
56.5%
holding
55.9%
cramp.
55.9%
sweet,
55.6%
turned
55.3%
turned
55.3%
swam
54.7%
saved
54.6%
off,
54.3%
life;
54.2%
just
53.5%
don't
53%
don't
53%
friendly,
52.7%
friendly
52.7%
sounds
52.5%
colder.
51.9%
drag.
51.2%
thing
50.8%
damp.
50.6%
lemonade.
49.6%
sun,
48.7%
drank
48.7%
vow.
48.1%
meet,
48%
Cause
47.2%
fling,
46.5%
begun,
46.2%
eighteen
45.7%
arcade.
45.7%
How
45.5%
Took
45.5%
suit
44.9%
something's
43.7%
strolling,
43%
ran
42.1%
heat,
40.8%
bowling
39.6%
much
39.3%
brag.
39.3%
spend?
38.2%
dough
37.3%

You're not logged in!

Compare scores with friends on all Sporcle quizzes.
Sign Up with Email
OR
Log In

You Might Also Like...

Show Comments

Extras

Top Quizzes Today


Score Distribution

Your Account Isn't Verified!

In order to create a playlist on Sporcle, you need to verify the email address you used during registration. Go to your Sporcle Settings to finish the process.